| Tag |
First Indicator |
Second Indicator |
Subfields |
| LEADER |
00000cam a22000001 4500 |
| 001 |
in00000051121 |
| 005 |
20240503171922.0 |
| 008 |
810920s1953 nyu b 000 0 eng |
| 010 |
|
|
|a 53012381
|
| 016 |
7 |
|
|a 42621170R
|2 DNLM
|
| 016 |
7 |
|
|a 002688130
|2 Uk
|
| 019 |
|
|
|a 191729
|a 1277103820
|
| 029 |
0 |
|
|a NLM
|b 42621170R
|
| 029 |
1 |
|
|a AU@
|b 000012130170
|
| 029 |
1 |
|
|a AU@
|b 000027988086
|
| 029 |
1 |
|
|a DEBBG
|b BV009154391
|
| 029 |
1 |
|
|a DEBSZ
|b 048051942
|
| 029 |
1 |
|
|a GBVCP
|b 07634911X
|
| 029 |
1 |
|
|a HEBIS
|b 279411685
|
| 029 |
1 |
|
|a NLGGC
|b 853087547
|
| 029 |
1 |
|
|a NZ1
|b 7951686
|
| 029 |
1 |
|
|a NZ1
|b 892748
|
| 029 |
1 |
|
|a ZWZ
|b 015237567
|
| 029 |
1 |
|
|a NLNZL
|b 998927483502836
|
| 029 |
1 |
|
|a UKMGB
|b 002688130
|
| 035 |
|
|
|a (OCoLC)ocm00528383
|
| 035 |
|
|
|a (OCoLC)528383
|z (OCoLC)191729
|z (OCoLC)1277103820
|
| 035 |
|
|
|a (OCoLC)ocm00528383
|
| 040 |
|
|
|a NLM
|b eng
|c NLM
|d OUN
|d ZWZ
|d UKMGB
|d GBVCP
|d OCLCF
|d DEBBG
|d OCLCO
|d OCLCQ
|d OCLCO
|d NLM
|d OCLCO
|d OCLCA
|d OCLCO
|d J9U
|d OCLCO
|d OCLCL
|
| 050 |
|
4 |
|a BF108.U5
|b O2x
|
| 060 |
0 |
0 |
|a WM 11 AA1
|b O2h 1953
|
| 082 |
0 |
4 |
|a 131.34
|
| 084 |
|
|
|a CM 2000
|2 rvk
|
| 100 |
1 |
|
|a Oberndorf, Clarence P.
|q (Clarence Paul),
|d 1882-1954.
|1 https://id.oclc.org/worldcat/entity/E39PBJxhgDk3kbJMrJQBvWtkDq
|
| 245 |
1 |
2 |
|a A history of psychoanalysis in America.
|
| 260 |
|
|
|a New York,
|b Grune & Stratton,
|c 1953.
|
| 300 |
|
|
|a vii, 280 pages
|b portraits
|
| 336 |
|
|
|a text
|b txt
|2 rdacontent
|
| 337 |
|
|
|a unmediated
|b n
|2 rdamedia
|
| 338 |
|
|
|a volume
|b nc
|2 rdacarrier
|
| 340 |
|
|
|m 8vo.
|2 rdabf
|
| 504 |
|
|
|a Includes bibliographical references.
|
| 650 |
|
0 |
|a Psychology
|x History.
|
| 650 |
|
0 |
|a Psychoanalysis
|x History.
|
| 650 |
|
2 |
|a Psychoanalysis
|x history
|
| 650 |
|
6 |
|a Psychologie
|x Histoire.
|
| 650 |
|
6 |
|a Psychanalyse
|x Histoire.
|
| 650 |
|
7 |
|a Psychoanalysis
|2 fast
|
| 650 |
|
7 |
|a Psychology
|2 fast
|
| 650 |
|
7 |
|a Geschichte
|2 gnd
|
| 650 |
|
7 |
|a Psychoanalyse
|2 gnd
|
| 651 |
|
7 |
|a USA
|2 gnd
|
| 650 |
|
7 |
|a Psychology
|x History
|2 nli
|
| 650 |
|
7 |
|a Psychoanalysis
|x History
|2 nli
|
| 650 |
|
7 |
|a Psychanalyse
|z États-Unis
|x Histoire.
|2 ram
|
| 653 |
|
0 |
|a Psychoanalysis
|a History
|
| 653 |
|
0 |
|a Psychology
|a History
|
| 655 |
|
7 |
|a History
|2 fast
|
| 758 |
|
|
|i has work:
|a A history of psychoanalysis in America (Text)
|1 https://id.oclc.org/worldcat/entity/E39PCGwDX9pDx3BqfXYv7JBPFC
|4 https://id.oclc.org/worldcat/ontology/hasWork
|
| 776 |
0 |
8 |
|i Online version:
|a Oberndorf, Clarence Paul, 1882-
|t History of psychoanalysis in America.
|d New York, Grune & Stratton, 1953
|w (OCoLC)609876090
|
| 948 |
|
|
|h HELD BY TXA - 360 OTHER HOLDINGS
|
| 994 |
|
|
|a Z0
|b TXA
|
| 999 |
f |
f |
|s 458aeb76-002c-3b32-a54b-9ba245432d2e
|i 26a5c911-6daf-31e0-aef9-186a30bdc7bf
|t 0
|
| 952 |
f |
f |
|p ric
|a Texas A&M University
|b Rellis Campus
|c Joint Library Facility
|d Remote Storage
|t 0
|e BF108.U5 O2
|h Library of Congress classification
|i unmediated -- volume
|m A14800510599
|
| 998 |
f |
f |
|a BF108.U5 O2
|t 0
|l Remote Storage
|